000 00477nam a2200181Ia 4500
008 090124s9999 xx 000 0 und d
082 _b122164
100 _aकांबळी दिवाकर
245 _a परळ ( 68 )
250 _a1
260 _c1987
300 _a164
600 _aकांबळी दिवाकर
630 _a परळ ( 68 )
700 _aकांबळी दिवाकर
730 _a परळ ( 68 )
942 _cBOOK
999 _c168250
_d168250